| 000 | 01805nam a2200457 c 4500 | ||
|---|---|---|---|
| 001 | 5631 | ||
| 003 | ES-MaCES | ||
| 005 | 20150923143805.0 | ||
| 008 | 971003s1996 sp ||| | spa d | ||
| 017 |
_aM-33742-1996 _bDL |
||
| 020 | _a8477232563 | ||
| 020 | _a8477232571 | ||
| 020 | _a847723258X | ||
| 035 | _aCES19980056753m | ||
| 040 |
_aES-MaCES _bspa _cES-MaCES |
||
| 111 | 2 |
_aJornadas Españolas de Documentación Automatizada _n5ª _d1996 _cCáceres _9226 |
|
| 245 | 1 | 0 |
_aSistemas de información _b: balance de 12 años de jornadas y perpectivas de futuro : Actas [de las] V Jornadas Españolas de Documentación Automatizada : Cáceres, 17, 18 y 19 de octubre de 1996 _c[organizadas por] FESABID ; [con la especial colaboración de ABDAMEX] |
| 246 | 3 | _aDocumat 96 | |
| 260 |
_aCáceres _bUniversidad de Extremadura, Servicio de Publicaciones ; ABADMEX _cD.L. 1996 |
||
| 300 |
_a2 v. (1058 p.) _c30 cm |
||
| 500 | _aEn la cub.: Documat 96 | ||
| 500 | _aIndices | ||
| 541 | _cCompra | ||
| 650 | 4 |
_asistema de información _928920 |
|
| 650 | 4 |
_aservicio de información _928925 |
|
| 650 | 4 |
_atecnología de la información _930104 |
|
| 650 | 4 |
_aautomatización de bibliotecas _929443 |
|
| 650 | 4 |
_apolítica de información _929434 |
|
| 650 | 4 |
_adocumentación _928908 |
|
| 650 | 4 |
_arelación formación empleo _929976 |
|
| 650 | 4 |
_aorganización profesional _928372 |
|
| 650 | 4 |
_atendencia _928907 |
|
| 653 | 1 | 0 | _aBiblioteconomía |
| 650 | 4 |
_928482 _adocumentalista |
|
| 710 | 2 |
_aAsociación de Bibliotecarios, Archiveros, Documentalistas y Museólogos de Extremadura _ecol. y ed. _91396 |
|
| 710 | 2 |
_aUniversidad de Extremadura _eed. _95275 |
|
| 710 | 2 |
_aFESABID _ecol. _93593 |
|
| 902 | _aLIB Libro | ||
| 942 |
_2CES _cBK _h9.0. |
||
| 999 |
_c5631 _d5631 |
||